Statistics for Countries with the Most Spanish Speakers with Exceptions

Click here to take the quiz!

General Stats

  • This quiz has been taken 151 times
  • The average score is 15 of 17

Answer Stats

SpeakersCountry% Correct
45,998,324Spain
100%
121,665,496Mexico
99%
57,515,582United States
96%
3,504,439Panama
91%
11,321,660Cuba
90%
14,692,320Guatemala
90%
6,031,460Nicaragua
90%
10,723,932Dominican Republic
88%
6,562,194El Salvador
88%
8,777,687Honduras
88%
6,685,901France
87%
4,851,256Costa Rica
86%
3,110,880United Kingdom
82%
5,704,863Italy
79%
2,576,366Germany
75%
3,415,000Morocco
64%
3,016,773Philippines
58%

Score Distribution

Percentile by Number Answered

Percent of People with Each Score

Your Score History

You have not taken this quiz